000 01075nas a2200349 4500
001 BR2015006201
003 BR-BrBNA
005 20231205125841.0
007 ta
008 230509b bl.|||p| |||| 00| 00por d
040 _aBR-BrBNA
_bpor
_cBiblioteca Nacional de Agricultura
041 _a(En)
072 _aL01
100 1 _aLima, R.M.B.
100 1 _aSousa, W.H. de
100 1 _aMedeiros, A.N. de
100 1 _aCezar, M.F.
100 1 _aCartaxo, F.Q.
100 1 _aGonzaga Neto, S.
100 1 _aCosta, R.G.
100 1 _aMedeiros, G.R. de
245 1 _aCharacteristics of the carcass of goats of different genotypes fed pineapple (Ananas comosus L.)stubble hay
650 _aCAPRINO
650 _aCARCAÇA
650 _aCONFINAMENTO
650 _aGORDURA
650 _aDIETA
773 0 _tRevista Brasileira de Zootecnia (Brazil)
_xISSN 1806-9290
_g(Feb 2015), v. 44(2) p. 44-51
_wBR2015006201
856 4 0 _uhttp://www.scielo.br/pdf/rbz/v44n2/1806-9290-rbz-44-02-00044.pdf
909 _a202311
_bLúcia
_c55
_dLúcia Elande
942 _2AGRIS
_n0
_cANA
999 _c246513
_d246513